00393nam a2200133Ia 4500008004100000020001500041041001200056082001600068100002500084245007600109260004700185300000800232650001900240221030s9999 xx 000 0 und d a8122410308 aEnglish a105.23bKri aN. S. Gopalakrishnan 0aUniversity Algebra Through 600 Solved Problemscby N. S. Gopalakrishnan bNew Age International PubaNew Delhic2001 a188 aBE Mathematics